| 000 | 00895cam a22002893a 4500 | ||
|---|---|---|---|
| 001 | 16387559 | ||
| 003 | OSt | ||
| 005 | 20140310182306.0 | ||
| 008 | 971208s1996 xxu 000 1 eng | ||
| 010 | _a 97813499 | ||
| 020 | _a0590228838 | ||
| 035 | _a(DLC) 97813499 | ||
| 040 |
_aDLC _cDLC _dDLC |
||
| 050 |
_aPZ 7 _b.M379 1996 |
||
| 082 |
_aFIC _bM36b #13s |
||
| 100 | 1 |
_aMartin, Ann M., _d1955- _920731 |
|
| 245 | 1 | 0 |
_aAloha, baby-sitters! / _cAnn M. Martin. |
| 260 |
_aNew York : _bApple Paperback Books, _c1996. |
||
| 300 | _a223 p. ; | ||
| 490 | 0 |
_aThe Baby-Sitters Club super special ; _vno. 13 |
|
| 650 |
_aAdventure and adventures _xFiction _920732 |
||
| 655 | 7 |
_aChildren's stories. _2lcsh _93012 |
|
| 710 | 2 |
_aCopyright Paperback Collection (Library of Congress) _5DLC _9705 |
|
| 906 |
_a7 _bcbc _corignew _d2 _encip _f19 _gy-genrareb |
||
| 942 |
_2lcc _cBK-FIC |
||
| 999 |
_c11615 _d11615 |
||